Top 15 Best Travis Scott Songs OAT - Statistics

General Stats
  • This quiz has been taken 93 times
  • The average score is 5 of 15
Answer Stats
Hint Answer % Correct
#2 SICKO MODE
91%
#9 goosebumps
86%
#3 STARGAZING
49%
#1 Antidote
48%
#8 Nightcrawler
46%
#7 CAN'T SAY
27%
#13 I KNOW?
23%
#15 pick up the phone
20%
#12 OUT WEST
18%
#4 the ends
16%
#5 THE SCOTTS
15%
#11 Trance
8%
#10 outside
5%
#14 Niagara Falls
4%
#6 Backyard
3%
No matching quizzes found
Score Distribution
Percent of People with Each Score
Percentile by Number Answered
Your Score History
You have not taken this quiz